US Presidents Sharing the Same Initials - Statistics

General Stats
  • This quiz has been taken 87 times
  • The average score is 8 of 12
Answer Stats
Answer % Correct
George H. W. Bush
88%
George W. Bush
88%
John Adams
80%
John Quincy Adams
80%
James Madison
79%
James Monroe
77%
Andrew Jackson
71%
Andrew Johnson
71%
James Buchanan
55%
William Henry Harrison
55%
Joe Biden
52%
Warren G. Harding
39%
No matching quizzes found
Score Distribution
Percent of People with Each Score
Percentile by Number Answered
Your Score History
You have not taken this quiz